Statistics for Football - Kit Makers of English P.L. & Champ. Clubs 2019-20

Click here to take the quiz!

General Stats

  • This quiz has been taken 486 times
    (342 since last reset)
  • The average score is 6 of 13

Answer Stats

Total ClubsMANUFACTURER% Correct
4Nike
100%
9Adidas
99%
7Puma
92%
9Umbro
74%
1New Balance
60%
1Under Armour
44%
2Kappa
38%
2Hummel
36%
4Macron
32%
1Joma
29%
2Errea
21%
1Bristol Sport
4%
1Elev8
4%

Score Distribution

Percentile by Number Answered

Percent of People with Each Score

Your Score History

You have not taken this quiz since the last reset